00358nam a2200121Ia 4500008004100000082001600041100001900057245003800076260003700114365000900151630003800160730003800198100415s9999 xx 000 0 und d b7162a598.2 aVoitkevich AA aThe feathers and plumage of birds aLONDONc1966bSIDGWICK & JACKSON b1935 aThe feathers and plumage of birds aThe feathers and plumage of birds